000 00518nam a2200205Ia 4500
005 20240823040844.0
008 240823s9999||||xx |||||||||||||| ||und||
020 _a978-93-81141-29-8
041 _aENGLISH
082 _A696 Q1
100 _aSharma K V
245 0 _aEnergy Management and Conservation
250 _a1st
260 _c2011
_bI.K International Publishing
500 _aYES
650 _aEnergy Management
_bManagement Studies
700 _a Venkataseshaiah P
942 _cBK
999 _c204108
_d204108